00270nam a2200109Ia 4500008004100000100001300041245005000054250000800104260003200112300000800144650000800152191201s2010 xx 000 0 und d aSAHU, RK 0aTraining for Development all You Need to Know aRep c2010bExcel BooksaN. Delhi a331 aMBA